[Event "ESP-ch Rapid 2018"]
[Site "Linares"]
[Date "2018.08.19"]
[Round "5"]
[White "Ruiz Casado, Francisco Javier"]
[Black "Estremera Panos, Sergio"]
[Result "0-1"]
[WhiteElo "1975"]
[BlackElo "2337"]
[Annotator "NA"]
[PlyCount "96"]
[EventDate "2018.08.19"]
[EventType "team-tourn"]
[EventCountry "ESP"]
[SourceTitle "playchess.com"]
[Source "ChessBase"]
[SourceQuality "1"]
[TimeControl "900+5"]

1. d4 {[%emt 0:00:00]} Nf6 {[%emt 0:00:19]} 2. c4 {[%emt 0:00:02]} e6 {[%emt 0:00:01]} 3. e3 {[%emt 0:00:02]} d5 {[%emt 0:00:08]} 4. Nf3 {[%emt 0:00:02]} c5 {[%emt 0:00:02]} 5. Nc3 {[%emt 0:00:46]} a6 {[%emt 0:00:04]} 6. cxd5 {[%emt 0:00:33]} exd5 {[%emt 0:00:03]} 7. dxc5 {[%emt 0:00:26]} Bxc5 {[%emt 0:00:03]} 8. a3 {[%emt 0:00:13]} Nc6 {[%emt 0:00:12]} 9. Be2 {[%emt 0:00:40]} O-O {[%emt 0:00:04]} 10. O-O {[%emt 0:00:03]} Ba7 {[%emt 0:00:41]} 11. b4 {[%emt 0:00:46]} d4 {[%emt 0:01:53]} 12. exd4 {[%emt 0:00:03]} Nxd4 {[%emt 0:00:07]} 13. Nxd4 {[%emt 0:02:18]} Bxd4 {[%emt 0:00:07]} 14. Qd3 {[%emt 0:01:00]} Bg4 {[%emt 0:01:14]} 15. Bb2 {[%emt 0:03:31]} Re8 {[%emt 0:00:32]} 16. Bxg4 {[%emt 0:04:13]} Bxf2+ {[%emt 0:00:08]} 17. Rxf2 {[%emt 0:00:02]} Qxd3 {[%emt 0:00:02]} 18. Rd1 {[%emt 0:00:29]} Qe3 {[%emt 0:00:41]} 19. Bf3 {[%emt 0:00:10]} Rad8 {[%emt 0:00:12]} 20. Nd5 {[%emt 0:00:15]} Nxd5 {[%emt 0:03:32]} 21. Bxd5 {[%emt 0:00:17]} Rxd5 {[%emt 0:00:24]} 22. Rxd5 {[%emt 0:00:08]} f6 {[%emt 0:00:11]} 23. Rd1 {[%emt 0:00:16]} Rc8 {[%emt 0:00:13]} 24. Kf1 {[%emt 0:00:22]} Qe4 {[%emt 0:00:23]} 25. Re1 {[%emt 0:00:15]} Qd3+ {[%emt 0:00:07]} 26. Kg1 {[%emt 0:00:01]} Rc2 {[%emt 0:00:06]} 27. Rxc2 {[%emt 0:00:01]} Qxc2 {[%emt 0:00:01]} 28. Bc1 {[%emt 0:00:01]} Kf7 {[%emt 0:00:05]} 29. h3 {[%emt 0:00:01]} h5 {[%emt 0:00:10]} 30. Rf1 {[%emt 0:00:00]} Qc4 {[%emt 0:00:14]} 31. Re1 {[%emt 0:00:05]} Qd4+ {[%emt 0:00:06]} 32. Kh1 {[%emt 0:00:01]} h4 {[%emt 0:00:07]} 33. Rf1 {[%emt 0:00:01]} Qc4 {[%emt 0:00:11]} 34. Kg1 {[%emt 0:00:02]} Qd5 {[%emt 0:00:15]} 35. Kh1 {[%emt 0:00:02]} g5 {[%emt 0:00:02]} 36. Kg1 {[%emt 0:00:03]} Kg6 {[%emt 0:00:08]} 37. Kh1 {[%emt 0:00:04]} f5 {[%emt 0:00:50]} 38. Kg1 {[%emt 0:00:01]} Qd4+ {[%emt 0:00:22]} 39. Kh1 {[%emt 0:00:02]} Qd3 {[%emt 0:00:07]} 40. Kg1 {[%emt 0:00:01]} Qe2 {[%emt 0:00:09]} 41. Rf2 {[%emt 0:00:06]} Qd1+ {[%emt 0:00:07]} 42. Rf1 {[%emt 0:00:01]} Qc2 {[%emt 0:00:01]} 43. Re1 {[%emt 0:00:06]} g4 {[%emt 0:00:21]} 44. hxg4 {[%emt 0:00:08]} fxg4 {[%emt 0:00:02]} 45. Be3 {[%emt 0:00:48]} h3 {[%emt 0:00:13]} 46. gxh3 {[%emt 0:00:09]} gxh3 {[%emt 0:00:02]} 47. Bf2 {[%emt 0:00:01]} Qc6 {[%emt 0:00:05]} 48. Kf1 {[%emt 0:00:09]} h2 {[%emt 0:00:42]} 0-1

[Event "ESP-ch Rapid 2018"]
[Site "Linares"]
[Date "2018.08.19"]
[Round "5"]
[White "Redondo Flores, David"]
[Black "Iglesias Leon, Francisco J"]
[Result "1/2-1/2"]
[WhiteElo "1971"]
[BlackElo "2129"]
[Annotator "NA"]
[PlyCount "51"]
[EventDate "2018.08.19"]
[EventType "team-tourn"]
[EventCountry "ESP"]
[SourceTitle "playchess.com"]
[Source "ChessBase"]
[SourceQuality "1"]
[TimeControl "900+5"]

1. e4 {[%emt 0:00:00]} d6 {[%emt 0:00:00]} 2. d4 {[%emt 0:00:00]} Nf6 {[%emt 0:00:00]} 3. Nc3 {[%emt 0:00:01]} e5 {[%emt 0:00:00]} 4. Nf3 {[%emt 0:00:07]} Nbd7 {[%emt 0:00:00]} 5. Bc4 {[%emt 0:00:03]} Be7 {[%emt 0:00:01]} 6. O-O {[%emt 0:00:03]} O-O {[%emt 0:00:03]} 7. Re1 {[%emt 0:00:03]} b6 {[%emt 0:00:01]} 8. Qe2 {[%emt 0:00:17]} Bb7 {[%emt 0:00:02]} 9. d5 {[%emt 0:00:03]} c6 {[%emt 0:00:05]} 10. h3 {[%emt 0:01:14]} cxd5 {[%emt 0:00:19]} 11. Nxd5 {[%emt 0:00:37]} Nxd5 {[%emt 0:00:36]} 12. Bxd5 {[%emt 0:00:09]} Bxd5 {[%emt 0:00:06]} 13. exd5 {[%emt 0:00:02]} Rc8 {[%emt 0:00:07]} 14. c4 {[%emt 0:00:24]} a6 {[%emt 0:00:33]} 15. b3 {[%emt 0:00:05]} f5 {[%emt 0:00:15]} 16. Ba3 {[%emt 0:00:05]} Nc5 {[%emt 0:00:14]} 17. Nd4 {[%emt 0:00:16]} exd4 {[%emt 0:00:20]} 18. Qxe7 {[%emt 0:00:02]} Qxe7 {[%emt 0:00:01]} 19. Rxe7 {[%emt 0:00:02]} Rce8 {[%emt 0:00:03]} 20. Rae1 {[%emt 0:00:27]} Rxe7 {[%emt 0:00:43]} 21. Rxe7 {[%emt 0:00:02]} Rf7 {[%emt 0:00:02]} 22. Re8+ {[%emt 0:00:10]} Rf8 {[%emt 0:00:02]} 23. Re7 {[%emt 0:00:01]} Rf7 {[%emt 0:00:01]} 24. Re8+ {[%emt 0:00:01]} Rf8 {[%emt 0:00:11]} 25. Re7 {[%emt 0:00:01]} Rf7 {[%emt 0:01:06]} 26. Re8+ 1/2-1/2

[Event "ESP-ch Rapid 2018"]
[Site "Linares"]
[Date "2018.08.19"]
[Round "5"]
[White "Vazquez Pino, Miguel A"]
[Black "Cuesta Bustos, Raul"]
[Result "1/2-1/2"]
[WhiteElo "1909"]
[BlackElo "2126"]
[Annotator "NA"]
[PlyCount "129"]
[EventDate "2018.08.19"]
[EventType "team-tourn"]
[EventCountry "ESP"]
[SourceTitle "playchess.com"]
[Source "ChessBase"]
[SourceQuality "1"]
[TimeControl "900+5"]

1. e4 {[%emt 0:00:00]} e6 {[%emt 0:00:00]} 2. d4 {[%emt 0:00:00]} d5 {[%emt 0:00:00]} 3. Nd2 {[%emt 0:00:00]} Nf6 {[%emt 0:00:00]} 4. e5 {[%emt 0:00:00]} Nfd7 {[%emt 0:00:00]} 5. Bd3 {[%emt 0:00:01]} c5 {[%emt 0:00:00]} 6. c3 {[%emt 0:00:01]} Nc6 {[%emt 0:00:00]} 7. Ne2 {[%emt 0:00:01]} cxd4 {[%emt 0:00:01]} 8. cxd4 {[%emt 0:00:01]} f6 {[%emt 0:00:01]} 9. exf6 {[%emt 0:00:02]} Nxf6 {[%emt 0:00:01]} 10. Nf3 {[%emt 0:00:01]} Bd6 {[%emt 0:00:01]} 11. O-O {[%emt 0:00:16]} Qc7 {[%emt 0:00:01]} 12. Bd2 {[%emt 0:00:03]} O-O {[%emt 0:00:05]} 13. Rc1 {[%emt 0:00:04]} g6 {[%emt 0:01:10]} 14. Re1 {[%emt 0:00:19]} Qg7 {[%emt 0:00:24]} 15. Nf4 {[%emt 0:01:11]} Ne4 {[%emt 0:00:47]} 16. Bxe4 {[%emt 0:00:17]} Bxf4 {[%emt 0:00:03]} 17. Bb1 {[%emt 0:01:11]} Nxd4 {[%emt 0:01:16]} 18. Nxd4 {[%emt 0:00:36]} Qxd4 {[%emt 0:00:13]} 19. Bc3 {[%emt 0:00:19]} Qxd1 {[%emt 0:01:20]} 20. Rcxd1 {[%emt 0:00:01]} Bd7 {[%emt 0:00:14]} 21. g3 {[%emt 0:00:02]} Bd6 {[%emt 0:00:09]} 22. h4 {[%emt 0:00:15]} Rf7 {[%emt 0:00:26]} 23. Bd4 {[%emt 0:00:17]} b6 {[%emt 0:00:04]} 24. Kg2 {[%emt 0:00:18]} Rc8 {[%emt 0:00:04]} 25. Rh1 {[%emt 0:00:18]} e5 {[%emt 0:00:25]} 26. h5 {[%emt 0:00:22]} exd4 {[%emt 0:00:23]} 27. hxg6 {[%emt 0:00:02]} hxg6 {[%emt 0:00:05]} 28. Bxg6 {[%emt 0:00:17]} Rg7 {[%emt 0:00:07]} 29. Bb1 {[%emt 0:00:02]} Bc5 {[%emt 0:00:57]} 30. Rh4 {[%emt 0:00:09]} Rf8 {[%emt 0:00:43]} 31. Rdh1 {[%emt 0:00:01]} Kf7 {[%emt 0:00:32]} 32. a3 {[%emt 0:00:05]} a5 {[%emt 0:00:08]} 33. Ba2 {[%emt 0:00:18]} Bc6 {[%emt 0:01:37]} 34. Rh6 {[%emt 0:00:02]} Ba8 {[%emt 0:00:08]} 35. b4 {[%emt 0:00:09]} axb4 {[%emt 0:00:02]} 36. axb4 {[%emt 0:00:01]} Bxb4 {[%emt 0:00:08]} 37. Rxb6 {[%emt 0:00:01]} Bc3 {[%emt 0:00:28]} 38. Ra6 {[%emt 0:00:12]} Kg8 {[%emt 0:00:35]} 39. Rxa8 {[%emt 0:00:02]} Rxa8 {[%emt 0:00:08]} 40. Bxd5+ {[%emt 0:00:02]} Kf8 {[%emt 0:00:18]} 41. Bxa8 {[%emt 0:00:01]} d3 {[%emt 0:00:11]} 42. Be4 {[%emt 0:00:08]} d2 {[%emt 0:00:03]} 43. Bf3 {[%emt 0:00:05]} Re7 {[%emt 0:00:07]} 44. Rh5 {[%emt 0:00:20]} Rd7 {[%emt 0:00:19]} 45. Bd1 {[%emt 0:00:12]} Kg7 {[%emt 0:00:06]} 46. Rf5 {[%emt 0:01:09]} Re7 {[%emt 0:00:08]} 47. Rf3 {[%emt 0:00:07]} Ba5 {[%emt 0:00:20]} 48. Rd3 {[%emt 0:00:02]} Re1 {[%emt 0:00:13]} 49. Bg4 {[%emt 0:01:07]} Kf6 {[%emt 0:00:07]} 50. f4 {[%emt 0:00:11]} Bb4 {[%emt 0:00:38]} 51. Bf3 {[%emt 0:00:20]} Re6 {[%emt 0:00:37]} 52. g4 {[%emt 0:00:10]} Rd6 {[%emt 0:00:21]} 53. Rxd6+ Bxd6 {[%emt 0:00:01]} 54. Kg3 {[%emt 0:00:13]} Kg6 {[%emt 0:00:08]} 55. Bd1 {[%emt 0:00:01]} Kf6 {[%emt 0:00:03]} 56. g5+ {[%emt 0:00:04]} Kg7 {[%emt 0:00:19]} 57. Kg4 {[%emt 0:00:01]} Bb4 {[%emt 0:00:05]} 58. f5 {[%emt 0:00:03]} Bc3 {[%emt 0:00:02]} 59. Kh5 {[%emt 0:00:09]} Bb2 {[%emt 0:00:03]} 60. Kg4 {[%emt 0:00:15]} Bc3 {[%emt 0:00:05]} 61. Kf3 {[%emt 0:00:01]} Bb4 {[%emt 0:00:11]} 62. Ke4 {[%emt 0:00:17]} Be7 {[%emt 0:00:07]} 63. f6+ {[%emt 0:00:08]} Bxf6 {[%emt 0:00:01]} 64. gxf6+ {[%emt 0:00:02]} Kxf6 {[%emt 0:00:01]} 65. Kd3 1/2-1/2

[Event "ESP-ch Rapid 2018"]
[Site "Linares"]
[Date "2018.08.19"]
[Round "5"]
[White "Gomez Fernandez, Alfredo"]
[Black "Fernandez Torre, Ivan"]
[Result "0-1"]
[WhiteElo "1827"]
[BlackElo "2128"]
[Annotator "NA"]
[PlyCount "86"]
[EventDate "2018.08.19"]
[EventType "team-tourn"]
[EventCountry "ESP"]
[SourceTitle "playchess.com"]
[Source "ChessBase"]
[SourceQuality "1"]
[TimeControl "900+5"]

1. Nf3 {[%emt 0:00:00]} Nf6 {[%emt 0:00:00]} 2. g3 {[%emt 0:00:00]} g6 {[%emt 0:00:00]} 3. Bg2 {[%emt 0:00:03]} Bg7 {[%emt 0:00:00]} 4. O-O {[%emt 0:00:04]} O-O {[%emt 0:00:02]} 5. d3 {[%emt 0:00:04]} d6 {[%emt 0:00:07]} 6. e4 {[%emt 0:00:04]} e5 {[%emt 0:00:03]} 7. Nbd2 {[%emt 0:00:28]} h6 {[%emt 0:00:05]} 8. Re1 {[%emt 0:00:04]} c5 {[%emt 0:00:04]} 9. Nf1 {[%emt 0:00:21]} Nc6 {[%emt 0:00:06]} 10. c3 {[%emt 0:00:16]} Be6 {[%emt 0:00:12]} 11. Ne3 {[%emt 0:00:34]} b5 {[%emt 0:00:18]} 12. Bd2 {[%emt 0:00:52]} Qd7 {[%emt 0:00:17]} 13. a3 {[%emt 0:00:58]} a5 {[%emt 0:00:08]} 14. Rb1 {[%emt 0:00:06]} a4 {[%emt 0:00:02]} 15. h4 {[%emt 0:00:12]} Ng4 {[%emt 0:01:21]} 16. Nh2 {[%emt 0:00:22]} Nxe3 {[%emt 0:00:31]} 17. Bxe3 {[%emt 0:00:03]} h5 {[%emt 0:00:05]} 18. Qd2 {[%emt 0:00:17]} Kh7 {[%emt 0:00:05]} 19. Nf3 {[%emt 0:00:16]} f6 {[%emt 0:00:09]} 20. d4 {[%emt 0:00:10]} cxd4 {[%emt 0:00:39]} 21. cxd4 {[%emt 0:00:02]} Na5 {[%emt 0:00:37]} 22. d5 {[%emt 0:01:01]} Bg4 {[%emt 0:00:01]} 23. Qb4 {[%emt 0:00:59]} Rfc8 {[%emt 0:01:36]} 24. Nh2 {[%emt 0:00:18]} Rc4 {[%emt 0:00:40]} 25. Qd2 {[%emt 0:00:11]} Bh3 {[%emt 0:00:27]} 26. Bh1 {[%emt 0:01:56]} Qc7 {[%emt 0:01:02]} 27. Qd3 {[%emt 0:00:10]} Bd7 {[%emt 0:00:20]} 28. Nf3 {[%emt 0:00:11]} Bh6 {[%emt 0:00:22]} 29. Bxh6 {[%emt 0:00:31]} Kxh6 {[%emt 0:00:02]} 30. Qe3+ {[%emt 0:00:02]} Kg7 {[%emt 0:00:10]} 31. Bg2 {[%emt 0:00:38]} Rc8 {[%emt 0:00:14]} 32. Nd2 {[%emt 0:00:59]} Rc2 {[%emt 0:00:43]} 33. Bf1 {[%emt 0:00:22]} Qc5 {[%emt 0:00:07]} 34. Qd3 {[%emt 0:02:16]} Nb3 {[%emt 0:00:30]} 35. Red1 {[%emt 0:01:44]} Bg4 {[%emt 0:01:59]} 36. Be2 {[%emt 0:00:33]} Nd4 {[%emt 0:00:01]} 37. Bxg4 {[%emt 0:00:36]} hxg4 {[%emt 0:00:01]} 38. Qe3 {[%emt 0:00:17]} Nf3+ {[%emt 0:00:21]} 39. Nxf3 {[%emt 0:00:03]} Qxe3 {[%emt 0:00:02]} 40. fxe3 {[%emt 0:00:01]} gxf3 {[%emt 0:00:02]} 41. Rf1 {[%emt 0:00:10]} Rg2+ {[%emt 0:00:03]} 42. Kh1 {[%emt 0:00:05]} Rxg3 {[%emt 0:00:29]} 43. Rg1 {[%emt 0:00:10]} Rh3# 0-1

[Event "ESP-ch Rapid 2018"]
[Site "Linares"]
[Date "2018.08.19"]
[Round "6"]
[White "Perez Candelario, Manuel"]
[Black "Merario Alarcon, Andres"]
[Result "0-1"]
[WhiteElo "2611"]
[BlackElo "2406"]
[Annotator "TA"]
[PlyCount "98"]
[EventDate "2018.08.19"]
[EventType "team-tourn"]
[EventCountry "ESP"]
[SourceTitle "playchess.com"]
[Source "ChessBase"]
[SourceQuality "1"]

{[%evp 21,98,0,3,0,0,2,30,16,24,0,0,-6,-9,-22,-21,-18,-31,-32,0,0,0,0,10,-35,-31,-40,-36,-100,-76,-128,-31,-264,-59,-685,-128,-112,-111,-163,-163,-309,-296,-755,-402,-406,-207,-212,-217,-690,-566,-489,246,246,245,245,245,245,243,245,245,245,238,0,238,89,245,245,245,0,245,241,232,0,245,236,233,-5583,237,-1679,-1662]} 1. e4 e5 2. Nf3 Nc6 3. Bb5 Nf6 4. d3 Bc5 5. O-O Nd4 6. Nxd4 Bxd4 7. c3 {C65: Ruy Lopez: Berlin Defence (3...Nf6), unusual lines and 4 0-0 Bc5} (7. Ba4 O-O 8. Nd2 d5 9. exd5 Qxd5 10. Bb3 Qc6 11. Qf3 Bd7 12. h3 Rae8 13. Re1 b5 14. Qxc6 Bxc6 {½-½ (78) Caruana,F (2816)-Karjakin,S (2782) Paris 2018}) 7... Bb6 8. Nd2 {[%cal Bb1d2,Bd2f3,Bf3e5][%mdl 32]} c6 9. Ba4 O-O 10. Nf3 d5 11. Nxe5 dxe4 {LiveBook: 4 Games} 12. d4 Be6 $146 ({Predecessor:} 12... c5 13. dxc5 Bxc5 14. Qxd8 Rxd8 {½-½ (41) Perunovic,M (2613)-Andreikin,D (2710) Warsaw 2013}) 13. Bg5 c5 {[%cal Rc5d4]} 14. dxc5 Bxc5 15. Bb3 Re8 16. Nc4 h6 17. Bh4 Qe7 18. Ne3 Rad8 $36 {[%mdl 2048] Black is more active.} 19. Qe2 Bxb3 20. axb3 Qe6 21. b4 Bxe3 22. Qxe3 g5 {Strongly threatening ...Nd5.} 23. Bg3 $1 a6 24. h4 {[#]} ({Better is} 24. Qe2 $15) 24... Nd5 $1 $17 {[%cal Rd5e3]} 25. Qc1 (25. Qe2 $142) 25... Qg4 (25... e3 $17 26. fxe3 Nxe3) 26. hxg5 $2 {[#]} ({White must play} 26. Qd1 $15 Qe6 27. Qe2) 26... hxg5 $2 (26... e3 $1 $19 {Threatens to win with ...exf2+.} 27. Re1 (27. gxh6 $2 exf2+ 28. Rxf2 Qxg3 $19) 27... hxg5) 27. Ra5 $2 {[%mdl 8192]} (27. Qd1 $15 Qxd1 28. Rfxd1) 27... Nf4 $2 (27... e3 $19 28. Qc2 e2) 28. Rxg5+ Qxg5 29. Bxf4 (29. Qxf4 $17 Qxf4 30. Bxf4) 29... Qg4 $19 30. Be3 (30. Bc7 {was necessary.} Rd3 31. Qf4 Qxf4 32. Bxf4) 30... Re6 31. Bf4 $2 (31. Qc2) 31... Rg6 {[%csl Gg6][%cal Rg4g2]} 32. Bg3 Rd3 (32... Rf6 $142 33. Be5 Rg6) 33. Qf4 {[#]} e3 $1 {[%mdl 512]} 34. Qb8+ $2 (34. Qxg4 Rxg4 35. Re1) (34. fxe3 Qxg3) 34... Kh7 35. fxe3 Qxg3 $4 {[%mdl 8192]} (35... Rg7 $19 36. Qxb7 Qxg3 37. Qe4+ Kh6 38. Rf6+ Rg6 39. Qf4+ Qxf4 40. Rxf4 Kg7) 36. Rxf7+ $18 Rg7 {[%csl Gg7][%cal Rg3g2]} 37. Qxg3 {[%csl Gf7][%cal Rg3g7]} Rxf7 {[%mdl 4096] Endgame KQ-KRR} 38. Qh4+ Kg8 39. Qg4+ Kf8 40. Qc8+ Kg7 41. Qg4+ Kf8 42. c4 (42. Qh3 $18 {has better winning chances.}) 42... Rd2 $2 (42... Rxe3 $16 {was called for.} 43. Qh5 Rfe7) 43. Qc8+ Kg7 44. Qg4+ Kf8 45. Qh4 Kg8 {aiming for ...Rd1+.} 46. Qg5+ $2 (46. Qe4 $18) 46... Kf8 $2 (46... Rg7 $11 {and Black has nothing to worry.} 47. Qh4 Rdxg2+ 48. Kf1 Rxb2) 47. Qh6+ Kg8 48. c5 $4 {[%mdl 8192]} (48. Qg6+ $18 Rg7 49. Qe6+ Kh8 50. Qe8+ Kh7 51. Qe4+ Kg8 52. b3) 48... Rd1+ $19 49. Kh2 {Black must now prevent Qe6.} Rh7 {Precision: White = 35%, Black = 43%.} 0-1

[Event "ESP-ch Rapid 2018"]
[Site "Linares"]
[Date "2018.08.19"]
[Round "6"]
[White "Santos Latasa, Jaime"]
[Black "Anton Guijarro, David"]
[Result "0-1"]
[WhiteElo "2582"]
[BlackElo "2652"]
[Annotator "TA"]
[PlyCount "60"]
[EventDate "2018.08.19"]
[EventType "team-tourn"]
[EventCountry "ESP"]
[SourceTitle "playchess.com"]
[Source "ChessBase"]
[SourceQuality "1"]

{[%evp 22,60,13,14,71,-14,-10,-19,-17,-14,8,-89,6,-31,-30,-102,-101,-143,-148,-181,-184,-152,-152,-164,-184,-183,-116,-133,-134,-290,-287,-271,-287,-241,-243,-1193,-1206,-2067,-2070,-1717,-1647]} 1. e4 g6 2. d4 Bg7 3. Nc3 d6 4. f4 Nf6 5. Nf3 c5 6. Bb5+ Bd7 7. e5 Ng4 8. Bxd7+ Qxd7 9. d5 dxe5 10. h3 e4 11. hxg4 {B09: Pirc Defence: Austrian Attack} (11. Nxe4 Nf6 12. Nxf6+ Bxf6 13. O-O O-O 14. c4 e6 15. Be3 exd5 16. cxd5 Rd8 17. Qc2 Na6 18. Rad1 Nb4 19. Qxc5 Nxd5 20. Bd4 Rac8 21. Qa3 Qf5 22. Bxf6 Qxf6 23. Qxa7 Nxf4 24. Rxd8+ Rxd8 {½-½ (51) Mamedov,R (2704)-Carlsen,M (2843) Shamkir 2018}) 11... exf3 12. Qxf3 {LiveBook: 75 Games} f5 (12... Na6 $11 {keeps the balance.}) 13. Be3 $146 ({White should try} 13. gxf5 $1 $16 Qxf5 14. Ne4) ({Predecessor:} 13. gxf5 Qxf5 14. Ne4 Na6 15. Be3 Nb4 16. O-O-O Nxa2+ 17. Kb1 Nb4 18. Bxc5 Na6 {1-0 (27) Zumsande,M (2404)-Strowsky,Y (2141) Budapest 2006}) 13... fxg4 $11 14. Qe4 Na6 15. O-O-O {Threatens to win with d6.} O-O-O 16. Na4 (16. Bf2 $11) 16... Qb5 (16... b6 $17) 17. Nc3 Qa5 18. Bd2 (18. f5 $11) 18... Nb4 $17 19. Qe6+ Kb8 20. Qxe7 Bxc3 $1 ({Don't take} 20... Nxa2+ 21. Nxa2 Qxa2 22. c3 $15) 21. Bxc3 Nxa2+ 22. Kb1 Nxc3+ 23. bxc3 Qb6+ (23... h5 $19 24. Rhe1 h4) 24. Kc1 Rhe8 25. Qg7 $2 (25. Qg5 $17) 25... Qa6 {( -> ...Qa3+)} 26. Kb2 {[#]} Qb5+ $1 27. Kc1 {[#]} Qa4 $1 $40 {[%cal Ra4a1][%mdl 128] ...Qa1+ is the strong threat. Black is out for blood.} 28. Kb2 $2 (28. c4 Qxc4 29. Rxh7 Qxf4+ 30. Kb1 Qb4+ 31. Ka2) 28... Re2 $19 {Black is clearly winning.} 29. Rc1 Qb5+ 30. Ka3 Re4 {Precision: White = 11%, Black = 65%.} 0-1

[Event "ESP-ch Rapid 2018"]
[Site "Linares"]
[Date "2018.08.19"]
[Round "6"]
[White "Ljubojevic, Ljubomir"]
[Black "Sande Edreira, Jose Antonio"]
[Result "1/2-1/2"]
[WhiteElo "2571"]
[BlackElo "2230"]
[Annotator "ChessBase"]
[PlyCount "110"]
[EventDate "2018.08.19"]
[EventType "team-tourn"]
[EventCountry "ESP"]
[SourceTitle "playchess.com"]
[Source "ChessBase"]
[SourceQuality "1"]
[TimeControl "900+5"]

1. c4 {[%emt 0:00:00]} g6 {[%emt 0:00:00]} 2. d4 {[%emt 0:00:00]} Bg7 {[%emt 0:00:00]} 3. Nf3 {[%emt 0:00:02]} Nf6 {[%emt 0:00:00]} 4. Nc3 {[%emt 0:00:02]} O-O {[%emt 0:00:04]} 5. e4 {[%emt 0:00:01]} d6 {[%emt 0:00:01]} 6. Be2 {[%emt 0:00:03]} c5 {[%emt 0:00:02]} 7. O-O {[%emt 0:00:07]} cxd4 {[%emt 0:00:01]} 8. Nxd4 {[%emt 0:00:02]} Nc6 {[%emt 0:00:02]} 9. Be3 {[%emt 0:00:02]} Bd7 {[%emt 0:00:01]} 10. Qd2 {[%emt 0:00:16]} Nxd4 {[%emt 0:00:06]} 11. Bxd4 {[%emt 0:00:02]} Bc6 {[%emt 0:00:01]} 12. f3 {[%emt 0:00:06]} a5 {[%emt 0:00:01]} 13. b3 {[%emt 0:00:16]} Nd7 {[%emt 0:00:02]} 14. Be3 {[%emt 0:00:02]} Nc5 {[%emt 0:00:06]} 15. Rab1 {[%emt 0:00:11]} e6 {[%emt 0:00:08]} 16. Bd1 {[%emt 0:00:20]} Be5 {[%emt 0:00:14]} 17. Bc2 {[%emt 0:00:40]} Qh4 {[%emt 0:00:09]} 18. g3 {[%emt 0:00:03]} Qe7 {[%emt 0:00:03]} 19. a3 {[%emt 0:00:26]} Rfd8 {[%emt 0:02:43]} 20. b4 {[%emt 0:00:12]} axb4 {[%emt 0:00:10]} 21. axb4 {[%emt 0:00:03]} Ra3 {[%emt 0:00:10]} 22. Ne2 {[%emt 0:01:33]} Na4 {[%emt 0:00:13]} 23. Bxa4 {[%emt 0:00:44]} Rxa4 {[%emt 0:00:35]} 24. Bg5 {[%emt 0:00:54]} Bf6 {[%emt 0:00:34]} 25. Bxf6 {[%emt 0:00:49]} Qxf6 {[%emt 0:00:01]} 26. Qb2 {[%emt 0:00:03]} Qg5 {[%emt 0:00:27]} 27. Nc3 {[%emt 0:01:25]} Ra7 {[%emt 0:00:07]} 28. Rbd1 {[%emt 0:00:34]} Qe3+ {[%emt 0:00:44]} 29. Kg2 {[%emt 0:00:06]} b6 {[%emt 0:00:50]} 30. Rf2 {[%emt 0:00:56]} f5 {[%emt 0:00:06]} 31. exf5 {[%emt 0:00:10]} Rf7 {[%emt 0:00:28]} 32. Qd2 {[%emt 0:01:32]} Qxd2 {[%emt 0:00:10]} 33. Rfxd2 {[%emt 0:00:26]} Rxf5 {[%emt 0:00:11]} 34. Rxd6 {[%emt 0:00:11]} Bxf3+ {[%emt 0:00:13]} 35. Kg1 {[%emt 0:00:01]} Rdf8 {[%emt 0:01:55]} 36. Rf1 {[%emt 0:00:02]} Rc8 {[%emt 0:00:21]} 37. Rxe6 {[%emt 0:01:06]} Rxc4 {[%emt 0:00:03]} 38. Re3 {[%emt 0:00:02]} Bg4 {[%emt 0:00:05]} 39. Rxf5 {[%emt 0:00:06]} Bxf5 {[%emt 0:00:03]} 40. b5 {[%emt 0:00:22]} Rc5 {[%emt 0:00:06]} 41. h4 {[%emt 0:01:43]} Kf8 {[%emt 0:00:04]} 42. Kf2 {[%emt 0:00:24]} Bd7 {[%emt 0:00:24]} 43. Kf3 {[%emt 0:00:15]} Bxb5 {[%emt 0:00:11]} 44. Nxb5 {[%emt 0:00:01]} Rxb5 {[%emt 0:00:02]} 45. Re6 {[%emt 0:00:11]} Rf5+ {[%emt 0:00:35]} 46. Ke4 {[%emt 0:00:19]} b5 {[%emt 0:00:04]} 47. Rc6 {[%emt 0:00:38]} Kg7 {[%emt 0:00:16]} 48. g4 {[%emt 0:00:05]} Rf6 {[%emt 0:01:34]} 49. Rc5 {[%emt 0:00:01]} Rb6 {[%emt 0:00:54]} 50. Rc7+ {[%emt 0:00:02]} Kf6 {[%emt 0:01:14]} 51. g5+ {[%emt 0:00:13]} Ke6 {[%emt 0:00:04]} 52. Rxh7 {[%emt 0:00:14]} Rc6 {[%emt 0:01:21]} 53. h5 {[%emt 0:00:37]} Rc4+ {[%emt 0:00:02]} 54. Kd3 {[%emt 0:00:01]} gxh5 {[%emt 0:00:15]} 55. Rxh5 {[%emt 0:00:03]} Ke5 {Ke4+} 1/2-1/2

[Event "ESP-ch Rapid 2018"]
[Site "Linares"]
[Date "2018.08.19"]
[Round "6"]
[White "Ibarra Jerez, Jose Carlos"]
[Black "Cruz Lledo, Pablo"]
[Result "1-0"]
[WhiteElo "2570"]
[BlackElo "2432"]
[Annotator "TA"]
[PlyCount "91"]
[EventDate "2018.08.19"]
[EventType "team-tourn"]
[EventCountry "ESP"]
[SourceTitle "playchess.com"]
[Source "ChessBase"]
[SourceQuality "1"]

{[%evp 21,91,0,-6,-27,-18,-23,-30,-34,-24,-27,-18,-20,-25,-33,-25,-31,-14,-16,0,0,0,-8,0,0,16,-32,150,145,147,140,138,150,238,145,133,122,179,124,133,108,290,293,358,347,370,362,381,372,434,421,405,368,1491,1371,1088,989,2196,2064,1562,1349,29983,29984,29983,29984,29985,29986,29986,29987,29997,29998,29998,29999]} 1. Nf3 d5 2. g3 Nf6 3. Bg2 g6 4. b3 Bg7 5. Bb2 O-O 6. c4 c6 7. O-O Nbd7 8. d3 Re8 9. cxd5 {A11: Reti-Eröffnung} cxd5 10. Nc3 e5 11. Rc1 a6 {LiveBook: 13 Partien} 12. b4 b5 13. Nd2 Nb6 14. Nb3 Be6 $146 ({Vorgänger:} 14... d4 15. Ne4 Nxe4 16. Bxe4 Bh3 17. Re1 {1-0 (30) Burmakin,V (2593)-Estremera Panos,S (2379) Seville 2012}) 15. Nc5 d4 16. Nxe6 Rxe6 17. Ne4 Nxe4 18. Bxe4 Rb8 19. Qb3 Rd6 20. Rc2 Bh6 21. e3 Na4 22. Bc1 dxe3 23. fxe3 Rf6 $2 (23... Qd7 $1 $15 {behält die Oberhand.}) 24. Rxf6 $1 $40 {[%mdl 128] Weiss will per K.O. gewinnen.} Qxf6 {[#]} 25. Rf2 $1 {[%cal Rf2f6]} Qe6 26. Bd5 Qb6 (26... Qd6 $16 {war angesagt.}) 27. Bxf7+ Kh8 28. Qd5 Rc8 {[#]} (28... Qc7 $16 29. Rc2 Qe7) 29. Bd2 (29. Rc2 $1 $18 Rd8 30. Qxe5+ Bg7 31. Qe6) 29... Qc7 30. Qe4 {Droht Dh4 und aus.} Rf8 $2 (30... Nc3 $16 {ist eine bessere Verteidigung.} 31. Qg4 Rd8 32. Bxc3 Qxc3) 31. Bb3 $18 Rxf2 32. Kxf2 Nb6 33. Ke2 Bf8 34. h4 Kg7 35. g4 {[%cal Bg3g4,Bg4g5][%mdl 32]} Be7 36. Be1 Nd7 $2 (36... Bd6 37. Qf3 Qd7) 37. Qd5 {Beabsichtigt Df7+ und Matt.} Qd8 38. g5 Kh8 39. Bc3 h6 40. Qf7 hxg5 41. Qxg6 {[%cal Rg6h6] Weiß setzt Matt.} Qf8 42. hxg5 Qg7 43. Qh5+ Qh7 44. Qe8+ Bf8 45. Bxe5+ Nxe5 46. Qxf8+ {Precision: Weiß = 82%, Schwarz = 32%.} 1-0